LEADER 01170nam a2200277 i 4500 001 000000074742 003 CaOOAMICUS 005 20150903000000.0 008 150903s1999 it u000 u ita u 013 $a45914 020 $a88-86881-74-6 040 $aSeMil$bita 100 1 $aVolpi, Federica.$0(OLS)http://semarc/name/37003 245 10$aSolidarietà in... movimento :$ble ACLI tra azione sociale e terzo settore /$cFederica Volpi. 260 $aSaronno (VA) :$bMonti,$c1999. 300 $a199 p. ;$c21 cm. 490 0 $aVillaggio solidale ;$v6 500 $aContiene : Bibliografia. 650 4$aACLI .$0(OLS)http://semarc/subject/5452 830 0$aVillaggio solidale ;$v6.$0(OLS)http://semarc/title/10079 850 $aSeMil 852 $aSeMil$W1$xVenegono$y1$m3N V 278$j40894$B40894$CSeMilBibl$Z2$F40898 $81 961 $aOmaggio: Donazione 996 $6020$a88-86881-74-6$9(OLS)http://semarc/number/55039 996 $6245$aSolidarietà in... movimento :$ble ACLI tra azione sociale e terzo settore$9(OLS)http://semarc/title/121205 996 $6260$aSaronno (VA) :$bMonti$9(OLS)http://semarc/publisher/29863 LEADER 01428nam a2200277 4500 001 000000356203 003 CaOOAMICUS 005 20231124121402.0 008 231124s2015 xxu 000 u eng r 020 $a978-0-8028-7171-8 040 $aSeMil$bita 245 00$aPeter in early Christianity /$cedited by Helen K. Bond and Larry W. Hurtado. 264 1$aGrand Rapids, Michigan :$bWilliam B. Eerdmans Publishing Company,$c2015. 300 $axxii, 358 p. ;$c23 cm 500 $aAlcuni saggi sono presi dal convegno organizzato nel luglio 2013 dal Edinburgh University's Centre for the Study of Christian Origins 600 04$aPietro .$0(OLS)http://semarc/subject/1127 650 4$aChiesa primitiva e delle origini .$0(OLS)http://semarc/subject/1281 650 4$aCristianesimo primitivo.$0(OLS)http://semarc/subject/1282 700 1 $aHurtado, Larry W.,$d<1943- >.$0(OLS)http://semarc/name/8004 700 1 $aBond, Helen Katharine,$d<1968- >.$0(OLS)http://semarc/name/24258 850 $aSeMil 852 $aSeMil$W1$xVenegono$y1$m2W V 28$j244713$B247344$CSeMilBibl$Z2$F247344 $81 996 $6020$a978-0-8028-7171-8$9(OLS)http://semarc/number/299349 996 $6245$aPeter in early Christianity$9(OLS)http://semarc/title/446459 996 $6264$aGrand Rapids, Michigan :$bWilliam B. Eerdmans Publishing Company$9(OLS)http://semarc/publisher/61056